000 02710nam a22002897a 4500
003 OSt
005 20260210112513.0
007 cr ||||||a|c|a
008 240314s2019 mx ||||fom||| 001 0 spa d
040 _erda
100 1 _9188661
_aCruz Mata, Nicte Ha del Rosario
245 1 _aFauna silvestre de Sancristobal Lachirioag, Villa Alta Oaxaca /
_cpor Nicte Há del Rosario Cruz Mata, Eulices Iván Díaz Matías; director Elvia López Pérez
264 _aChapingo, México :
_bEl autor,
_c2019
300 _a1 recurso en línea (77 páginas):
_bcuadros, figuras
336 _2rdacontent
_atexto
_btxt
337 _2rdamedia
_acomputadora
_bc
338 _2rdacarrier
_arecurso en línea
_bcr
502 _bIAEZ
_cZootecnía
_d2019
_gLIC
504 _aIncluye referencias bibliográficas: páginas 55-58
520 _aCon el objetivo de identificar la fauna silvestre presente en la comunidad de San Cristóbal Lachirioag, Villa Alta Oaxaca, se realizó el presente trabajo de investigación. Como parte de la metodología se realizaron dos recorridos de campo. Se seleccionaron como zonas de muestreo aquellas que fueran de fácil acceso, con avistamiento de las especies de interés y en caminos. En cada zona se distribuyó un grupo de trabajo integrado por 3 personas para colocar cámaras de fototrampeo, para cubrir especies diurnas y nocturnas. En total se colocaron 10 cámaras con sensores de movimiento, de igual manera durante los muestreos se realizó una recolección de restos de animales muertos, excretas y pelo para su posterior análisis, obteniéndose 12 especies de mamíferos distribuidos en seis órdenes y diez familias. El orden más abundante fue el carnívora con cinco especies, las cuales las cuales fueron agrupadas en cuatro familias. Se encontró que, de las 10 familias encontradas en la comunidad, las más abundantes fueron la Canidae y Cervidae. Al comparar los datos con la literatura se encontró que las especies de mamíferos registrado en la zona de estudio representan el 5.4% de la población total de mamíferos del estado de Oaxaca y el 11.6% con respecto a la Sierra Norte de Oaxaca. Es importante conocer la diversidad de fauna presente en comunidades rurales con la finalidad de establecer programas de conservación y aprovechamiento de las poblaciones de fauna silvestre.
650 4 _9133448
_aFauna silvestre
_xIdentificación
_zOaxaca
650 4 _9133449
_aFauna silvestre
_xDistribución
_zOaxaca
700 1 _9188662
_aDíaz Matías, Eulices Iván
700 0 _968223
_aLópez Pérez, Elvia
_eDirector
856 _uhttp://10.13.5.2/tesis/tl/Cruz_Mata_Nicte_Ha_Del_Rosario.pdf
_zDESCARGAR PDF
942 _2Clasificación Universidad Autónoma Chapingo
_cTD
999 _c219804
_d219804